Природоохранные технологии в теплоэнергетике / ДОФ 2022 (13.03.01): электронный курс

Бібліографічні деталі
Автор: Вагнер М. А. Марина Анатольевна
Співавтор: Национальный исследовательский Томский политехнический университет Инженерная школа энергетики Научно-образовательный центр И. Н. Бутакова (НОЦ И. Н. Бутакова) (570)
Резюме:Заглавие с экрана
Основной целью курса является формирование компетенций в области природоохранных и энергосберегающих технологий, используемых в теплоэнергетике
Интерактивный мультимедиа ресурс
AM_Login_TPU
Мова:Російська
Опубліковано: Томск, TPU Moodle, 2025
Предмети:
Онлайн доступ:https://design.lms.tpu.ru/course/view.php?id=5055
Формат: Електронний ресурс Книга
KOHA link:https://koha.lib.tpu.ru/cgi-bin/koha/opac-detail.pl?biblionumber=681868

MARC

LEADER 00000nlm0a2200000 4500
001 681868
005 20250926105230.0
090 |a 681868 
100 |a 20250925d2025 m||y0rusy50 ca 
101 0 |a rus 
102 |a RU 
105 |a a j 000yy 
135 |a jrcn ---uucaa 
181 0 |a i   |b  e  
182 0 |a b 
183 0 |a cr  |2 RDAcarrier 
200 1 |a Природоохранные технологии в теплоэнергетике / ДОФ 2022 (13.03.01)  |e электронный курс  |f М. А. Вагнер  |g Национальный исследовательский Томский политехнический университет, Научно-образовательный центр И. Н. Бутакова 
203 |a Текст  |c электронный  |b визуальный 
210 |a Томск  |c TPU Moodle  |d 2025 
283 |a online_resource  |2 RDAcarrier 
300 |a Заглавие с экрана 
330 |a Основной целью курса является формирование компетенций в области природоохранных и энергосберегающих технологий, используемых в теплоэнергетике 
336 |a Интерактивный мультимедиа ресурс 
371 0 |a AM_Login_TPU 
606 |a Теплоэнергетика  |9 77320 
610 1 |a электронный ресурс 
610 1 |a труды учёных ТПУ 
610 1 |a электронное обучение 
610 1 |a кампусные онлайн-курсы 
610 1 |a дистанционное образование 
610 1 |a дистанционное обучение 
610 1 |a e-learning 
610 1 |a Moodle 
610 1 |a окружающая среда 
610 1 |a золоулавливание 
610 1 |a вредные выбросы 
610 1 |a природоохранные мероприятия 
610 1 |a сточные воды 
610 1 |a методы очистки 
610 1 |a ионизирующее облучение 
610 1 |a способы защиты 
675 |a 621.1(075.8)  |v 4 
700 1 |a Вагнер  |b М. А.  |c специалист в области теплоэнергетики  |c старший преподаватель Томского политехнического университета  |f 1969-  |g Марина Анатольевна  |9 12941 
712 0 2 |a Национальный исследовательский Томский политехнический университет  |b Инженерная школа энергетики  |b Научно-образовательный центр И. Н. Бутакова (НОЦ И. Н. Бутакова)  |c (2017- )  |9 28320  |4 570 
801 0 |a RU  |b 63413507  |c 20250925  |g RCR 
850 |a 63413507 
856 4 |u https://design.lms.tpu.ru/course/view.php?id=5055  |z https://design.lms.tpu.ru/course/view.php?id=5055 
942 |c CF